MARC

Tag First Indicator Second Indicator Subfields
LEADER 00000cam a2200000 a 4500
001 in00002782665
005 20211120170433.0
006 m o d f
007 cr cn|||||||||
008 121102s2011 dcua o f000 0 eng c
035 |a (OCoLC)ocn815755102 
040 |a GPO  |b eng  |c GPO  |d OCLCQ  |d OCLCF  |d VMC  |d OCLCO  |d OCLCQ  |d GPO  |d MvI 
042 |a pcc 
043 |a n-us--- 
049 |a WWW 
074 |a 0968-A (online) 
086 0 |a J 24.8:D 84/12 
245 0 0 |a Drugs of abuse :  |b a DEA resource guide. 
246 3 0 |a DEA resource guide 
250 |a 2011 edition. 
264 1 |a [Washington, D.C.] :  |b U.S. Dept. of Justice, Drug Enforcement Administration,  |c 2011. 
300 |a 1 online resource (81 pages) :  |b color illustrations 
336 |a text  |b txt  |2 rdacontent 
337 |a computer  |b c  |2 rdamedia 
338 |a online resource  |b cr  |2 rdacarrier 
500 |a Title from title screen (viewed on Nov. 2, 2012). 
650 0 |a Drugs of abuse  |x Government policy  |z United States. 
650 0 |a Drug abuse  |z United States. 
650 0 |a Drugs of abuse  |z United States. 
650 0 |a Drugs of abuse  |x Law and legislation  |z United States. 
650 7 |a Drug abuse.  |2 fast  |0 (OCoLC)fst00898480 
650 7 |a Drugs of abuse.  |2 fast  |0 (OCoLC)fst00898981 
650 7 |a Drugs of abuse  |x Government policy.  |2 fast  |0 (OCoLC)fst00898983 
650 7 |a Drugs of abuse  |x Law and legislation.  |2 fast  |0 (OCoLC)fst00898984 
651 7 |a United States.  |2 fast  |0 (OCoLC)fst01204155 
710 1 |a United States.  |b Drug Enforcement Administration. 
856 4 0 |u https://purl.fdlp.gov/GPO/gpo30845  |t 0 
999 f f |s b010c862-5cc4-370d-bdb4-024cfdb8aafa  |i 59c10fd1-9216-3280-b38a-615e8e250384  |t 0 
952 f f |a Texas A&M University  |b College Station  |c Electronic Resources  |d Available Online  |t 0  |e J 24.8:D 84/12  |h Superintendent of Documents classification 
998 f f |a J 24.8:D 84/12  |t 0  |l Available Online